In- sample and out-of-sample forecasts of wage adjustment in indexed and non indexed labour contracts.

Uplatnenie ekonomickej konštrukcie umožňujúcej analyzovať determinanty celkovej i nezávislej úpravy miezd, pružnosť indexácie vo väzbe na infláciu a trvanie zmluvy.

Gespeichert in:
Bibliographische Detailangaben
1. Verfasser: Christofides, L.N
Format: Buchkapitel
Sprache:Englisch
Schlagworte:
Tags: Tag hinzufügen
Keine Tags, Fügen Sie das erste Tag hinzu!

MARC

LEADER 00000naa a2200000 4500
001 r006052
005 20221130103406.1
041 0 |a eng 
044 |a NL 
245 1 0 |a In- sample and out-of-sample forecasts of wage adjustment in indexed and non indexed labour contracts.  |c L.N. Christofides 
520 |a Uplatnenie ekonomickej konštrukcie umožňujúcej analyzovať determinanty celkovej i nezávislej úpravy miezd, pružnosť indexácie vo väzbe na infláciu a trvanie zmluvy. 
610 2 0 |a mzdy 
610 2 0 |a predvídanie 
610 2 0 |a ekonometria 
610 2 0 |a indexy 
610 2 0 |a metódy ekonomicko-matematické 
610 2 0 |a zmluvy pracovné 
100 1 |a Christofides, L.N.